000 00227nam a2200097Ia 4500
008 230508s1999 xx 000 0 und d
041 _aeng
100 _aCBS LE
245 _aENGINEERING MECHANICS
260 _bC.B.S. PUBLI.
_c1999
999 _c712349
_d712349